[Event "ISL-chT 1718"]
[Site "Reykjavik"]
[Date "2017.10.19"]
[Round "1.5"]
[White "Bjornsson, Tomas"]
[Black "Engfeldt, Jan"]
[Result "1/2-1/2"]
[WhiteElo "2130"]
[BlackElo "1966"]
[PlyCount "52"]
[EventDate "2017.10.19"]
[EventType "team-tourn"]
[EventRounds "9"]
[EventCountry "ISL"]
[SourceTitle "CBM 181 Extra"]
[Source "ChessBase"]
[SourceDate "2017.12.12"]
[SourceVersion "1"]
[SourceVersionDate "2017.12.12"]
[SourceQuality "1"]
[WhiteTeam "Fjolnis"]
[BlackTeam "Gardabaer"]
[WhiteTeamCountry "ISL"]
[BlackTeamCountry "ISL"]

1. e4 c6 2. d4 d6 3. Nc3 Qc7 4. Nf3 e5 5. Bc4 Bg4 6. dxe5 dxe5 7. h3 Bh5 8. a3 Nf6 9. Qe2 Nbd7 10. g4 Bg6 11. Nh4 Nc5 12. Nf5 0-0-0 13. f3 Bxf5 14. exf5 e4 15. fxe4 Nfxe4 16. Nxe4 Nxe4 17. Qf3 Bc5 18. Bf4 Qe7 19. Be2 Rhe8 20. Rh2 Qh4+ 21. Kf1 Bd6 22. Bd3 Bxf4 23. Qxf4 Ng5 24. Qf2 Qh6 25. Qf4 Qh4 26. Qf2 Qh6 1/2-1/2